What's The Name in English? - Statistics

General Stats
  • This quiz has been taken 29 times
  • The average score is 18 of 20
Answer Stats
Hint Answer % Correct
Canada Canada
100%
United States of America United States of America
100%
Mexico Mexico
96%
France France
92%
China China
88%
Ireland Ireland
88%
Nauru Nauru
88%
Sweden Sweden
88%
Argentina Argentina
85%
Australia Australia
85%
Austria Austria
85%
Cape Verde Cape Verde
85%
Germany Germany
85%
Haiti Haiti
85%
Romania Romania
85%
Saint Lucia Saint Lucia
85%
South Africa South Africa
85%
Thailand Thailand
85%
Turkey Turkey
85%
Uzbekistan Uzbekistan
85%
No matching quizzes found
Score Distribution
Percent of People with Each Score
Percentile by Number Answered
Your Score History
You have not taken this quiz